| 000 | 00956nam a22002297a 4500 | ||
|---|---|---|---|
| 001 | EIF-X-2019-M7-002 | ||
| 003 | OSt | ||
| 005 | 20230102083645.0 | ||
| 008 | 230102b |||||||| |||| 00| 0 eng d | ||
| 040 |
_aFundación Jesús Pereda _cFundación Jesús Pereda |
||
| 041 | _aCastellano | ||
| 100 |
_uUniversidad de León _aGarcía Prieto, Beatriz _91101 |
||
| 111 |
_aEncuentro de Investigadores del Franquismo _c(Valencia. _d2019. _n10º) _9102 |
||
| 245 |
_aLa prensa franquista leonesa y la imposición del modelo de mujer nacionalcatólico. _bEl ejemplo de PROA y El Diario de León _f1936-1945 _c/Beatriz García Prieto |
||
| 650 | 0 |
_9675 _aPrensa |
|
| 650 | 0 |
_9541 _aMujer |
|
| 650 | 0 |
_9132 _aIglesia católica |
|
| 651 | 0 |
_9184 _aLeón |
|
| 773 |
_tActas del X Encuentro de Investigadores del Franquismo _g829-845 p. |
||
| 856 | _uhttps://bibliotecaccoocyl.fundacionjesuspereda.es/cgi-bin/koha/opac-retrieve-file.pl?id=f711ea33dd4c62aa71b795214fd61260 | ||
| 942 |
_2ddc _cCF _n0 |
||
| 999 |
_c656 _d656 |
||